01694nam a22002297a 450000500170000000800410001704100080005808200170006611101350008324201560021824501270037426000550050130000550055650504750061159000590108665000420114565000430118770000290123094200170125999900150127695201730129120200104041623.0140224s2012 ko abd gr2 o10| 0 eng d aeng a333.72bU58s2 aInternational Symposium on Research of Biodiversity's Conservation and Cooperation for the Green FuturecSeould2011 - 202092046610aSimposio : bInternacional en la Investigación de la Conservación de la Biodiversidad y la Cooperación por el Futuro VerdecCharles Besanconyspa10aSymposium : bInternational Research of Biodiversity's Conservation and Cooperation for the Green FuturecCharles Besancon3 aSeoulbUnited Nations Decade on Biodiversityc2012 a179 p.bil., fot., mapas, tablas, gráfiasc30 cm2 aDiscurso Clave : Plan Estratégico, Política Nacional de Colombia ; Sección 1 : Cooperación Internacional por la Conservación de la Biodiversidad en Myanmar, IEBR Colaboración Internacional en Inventigaciones de Biodiversidad en Vietnam, Cooperación Internacional en Conservación de la Biodiversidad en Korea ; Sección 2 : Tendencias y Perspectivas de la Lista Roja, Investigación de la Biodiversidad en Mongolia y Perspectivas Futuras, Vida Salvaje + a242 Es el titulo traducido por la agencia catalogadora 4aPolítica ambientalzColombia920467 4aConservación de la Biodiversidad9561 aBensancon, Charles99944 2ddccImpreso c8140d8140 00102ddc40708GENERALIINV2017aBogotabBogotad2014-02-24eInstitutog39000.00l0oLB-333.72 U58sp034057r2014-02-24 00:00:00tEj. 1w2014-02-24xDonaciónyLIBRO